| 000 | 01014cam a22003015a 4500 | ||
|---|---|---|---|
| 001 | 17972058 | ||
| 005 | 20161030100444.0 | ||
| 008 | 131212t2015 moua frb 001 0 eng d | ||
| 020 | _a9781455732036 | ||
| 020 | _a1455732036 | ||
| 040 |
_aDNLM/DLC _cDLC _dDLC _dEG-ScBUE |
||
| 082 | 0 | 4 |
_222 _a610.73069 _bNUR |
| 245 | 1 | 0 |
_aNursing today : _btransition and trends / _c[edtied by] JoAnn Zerwekh, Ashley Zerwekh Garneau. |
| 250 | _a8th ed. | ||
| 260 |
_aSant Louis, Missouri : _bElsevier / Saunders, _cc.2015. |
||
| 300 |
_axxii, 642 p. : _bill. (col.) ; _c24 cm. |
||
| 500 | _aIndex : p. 620-642. | ||
| 504 | _aIncludes bibliographical references. | ||
| 590 | _aWessam | ||
| 650 | 7 |
_aNursing _xVocational guidance. _2BUEsh _937675 |
|
| 650 | 7 |
_aNursing _928875 _xSocial aspects. _2BUEsh |
|
| 651 | _2BUEsh | ||
| 653 |
_bNNUR _cApril2015 |
||
| 653 |
_bNNUR _cOctober2016 |
||
| 700 | 1 |
_aZerwekh, JoAnn Graham. _eeditor. _928878 |
|
| 700 | 1 |
_aGarneau, Ashley Zerwekh. _eeditor. _928879 |
|
| 942 |
_2ddc _k610.73069 NUR |
||
| 999 |
_c19206 _d19178 |
||